LDR 01031naa#a2200205#i#450# 001 RU\\bibl\126642 005 20260703195509.5 011 ## _a2587-6740 100 ## _a20260615b2026####ek#y0rusy0150####ca 102 ## _aRU 200 1# _aКибербезопасность в агропромышленном комплексе России: инструменты, кейсы, инциденты _eЖурнальная статья 210 1# _aМосква _cЭлектронная наука _d2026 215 ## _a3 с. 608 ## _aЖурнальная статья _2local 675 ## _aИнтеграция и кооперирование, централизация и специализация производства в сельском хозяйстве. 338.436 _z 700 #1 _aНазаров _gДмитрий Михайлович 700 #1 _aГудошникова _gЮлия Викторовна 700 #1 _aСербина _gНаталия Витальевна 700 #1 _aПротас _gНина Геннадьевна 856 4# _aqje.su _u